[Event "Speed Chess Invitational"]
[Site "chess.com INT"]
[Date "2020.10.25"]
[Round "4.2"]
[White "Karjakin, Sergey"]
[Black "Duda, Jan-Krzysztof"]
[Result "1-0"]
[WhiteTitle "GM"]
[BlackTitle "GM"]
[WhiteElo "2752"]
[BlackElo "2757"]
[WhiteFideId "14109603"]
[BlackFideId "1170546"]
[EventDate "2020.10.25"]

1. e4 c5 2. Nf3 d6 3. d4 cxd4 4. Nxd4 Nf6 5. Nc3 a6 6. a4 g6 7. Be2 Bg7 8. O-O
O-O 9. Be3 Nc6 10. Qd2 Ng4 11. Bxg4 Bxg4 12. f3 Be6 13. Rfd1 Nxd4 14. Bxd4 Bxd4+
15. Qxd4 Rc8 16. Qa7 Qc7 17. Rd2 Qc5+ 18. Qxc5 Rxc5 19. Nd1 Rfc8 20. Ne3 f5 21.
exf5 gxf5 22. Rd4 Kg7 23. Rad1 h5 24. Kf2 Kf6 25. R1d2 Ra5 26. b3 Rc3 27. Rb4
Re5 28. Rd3 Rc7 29. g3 b5 30. axb5 axb5 31. Rf4 Rxe3 32. Kxe3 Rxc2 33. h3 Rg2
34. g4 hxg4 35. hxg4 Ke5 36. gxf5 Bxf5 37. Rc3 Rg8 38. Rb4 Rb8 39. Rc7 Kf6 40.
Ra7 e5 41. Ra6 Ke7 42. Rh4 Rc8 43. Rh6 Rc7 44. Rhxd6 Rc3+ 45. Kf2 Rxb3 46. Rd5
Bc8 47. Rxe5+ Kd7 48. Rb6 b4 49. Reb5 Rc3 50. Rxb4 Kc7 51. Rb3 Rc2+ 52. Kg3 Bd7
53. R6b4 Bc6 54. Rd4 Rc1 55. f4 Rg1+ 56. Kh4 Bd7 57. Rc3+ Kd8 58. Rcd3 Rg7 59.
Rxd7+ Rxd7 60. Rxd7+ Kxd7 61. Kg5 Ke7 62. Kg6 1-0

[Event "Speed Chess Invitational"]
[Site "chess.com INT"]
[Date "2020.10.25"]
[Round "4.3"]
[White "Duda, Jan-Krzysztof"]
[Black "Karjakin, Sergey"]
[Result "1/2-1/2"]
[WhiteTitle "GM"]
[BlackTitle "GM"]
[WhiteElo "2757"]
[BlackElo "2752"]
[WhiteFideId "1170546"]
[BlackFideId "14109603"]
[EventDate "2020.10.25"]

1. e4 e5 2. Nf3 Nc6 3. Bb5 Nf6 4. O-O Nxe4 5. d4 Nd6 6. Bxc6 dxc6 7. dxe5 Nf5 8.
Qxd8+ Kxd8 9. h3 Ke8 10. Nc3 h5 11. Re1 Be7 12. Ne4 Be6 13. g3 Rd8 14. c3 c5 15.
Nfg5 Rh6 16. Nxe6 Rxe6 17. Bf4 a5 18. a4 Rb6 19. Re2 Rd3 20. Rae1 Re6 21. Kg2 b6
22. Kh2 Kd7 23. Ng5 Bxg5 24. Bxg5 Kc6 25. g4 hxg4 26. hxg4 Nh6 27. Bxh6 Rxh6+
28. Kg2 Kd5 29. Re3 Rd2 30. R1e2 Rxe2 31. Rxe2 g5 32. Rd2+ Kxe5 33. Rd7 f5 34.
gxf5 Kxf5 35. Rxc7 Rd6 36. Rb7 Ke4 37. Kg3 Kd3 38. Kg4 Kc2 39. Kxg5 Kxb2 40. f4
Kxc3 41. f5 Kb4 42. f6 Kxa4 43. f7 Rd8 44. Rxb6 c4 45. Kf6 c3 46. Ke7 Rh8 47.
f8=Q Rxf8 48. Kxf8 c2 49. Rc6 Kb3 50. Rb6+ Kc3 51. Rc6+ Kb2 52. Rb6+ Kc1 53. Ra6
a4 54. Rxa4 Kb2 55. Rc4 c1=Q 56. Rxc1 Kxc1 1/2-1/2

[Event "Speed Chess Invitational"]
[Site "chess.com INT"]
[Date "2020.10.25"]
[Round "4.4"]
[White "Karjakin, Sergey"]
[Black "Duda, Jan-Krzysztof"]
[Result "0-1"]
[WhiteTitle "GM"]
[BlackTitle "GM"]
[WhiteElo "2752"]
[BlackElo "2757"]
[WhiteFideId "14109603"]
[BlackFideId "1170546"]
[EventDate "2020.10.25"]

1. e4 e5 2. Nf3 Nf6 3. Nxe5 d6 4. Nf3 Nxe4 5. Nc3 Nxc3 6. dxc3 Be7 7. Be3 Nd7 8.
Qd2 O-O 9. O-O-O Nf6 10. h4 c5 11. Bg5 Be6 12. a3 d5 13. Bxf6 Bxf6 14. Ng5 c4
15. Be2 Qb6 16. Qe3 Qxe3+ 17. fxe3 Bxg5 18. hxg5 f6 19. gxf6 Rxf6 20. Bf3 h6 21.
a4 Re8 22. e4 dxe4 23. Bxe4 b6 24. Rd6 Kf7 25. Bf3 Re7 26. Kd2 Rd7 27. Rd4 Rc7
28. Re1 g6 29. Rd6 Bf5 30. Rd8 h5 31. Ree8 Kg7 32. Rh8 Re6 33. Rhg8+ Kf6 34. Rd4
Re5 35. Be2 Rec5 36. Bf3 Ra5 37. b3 cxb3 38. cxb3 Re5 39. c4 Ree7 40. Kc3 Rcd7
41. Rxd7 Rxd7 42. Kb4 a5+ 43. Kb5 Rd3 0-1

[Event "Speed Chess Invitational"]
[Site "chess.com INT"]
[Date "2020.10.25"]
[Round "4.5"]
[White "Duda, Jan-Krzysztof"]
[Black "Karjakin, Sergey"]
[Result "1/2-1/2"]
[WhiteTitle "GM"]
[BlackTitle "GM"]
[WhiteElo "2757"]
[BlackElo "2752"]
[WhiteFideId "1170546"]
[BlackFideId "14109603"]
[EventDate "2020.10.25"]

1. d4 Nf6 2. Nf3 d5 3. c4 e6 4. Nc3 Be7 5. Bg5 O-O 6. e3 h6 7. Bh4 Nbd7 8. cxd5
Nxd5 9. Bxe7 Qxe7 10. Bd3 Nxc3 11. bxc3 c5 12. O-O b6 13. a4 Bb7 14. Qe2 e5 15.
Ba6 Bxf3 16. Qxf3 exd4 17. cxd4 cxd4 18. exd4 Nf6 19. Rfd1 Rad8 20. Rac1 Rd6 21.
Re1 Qd7 22. Bb5 Qd8 23. Qb7 a5 24. Rc7 Rxd4 25. Qxb6 Rd1 26. Rxd1 Qxd1+ 27. Bf1
Qxa4 28. Ra7 Qb4 29. Qxa5 Qxa5 30. Rxa5 1/2-1/2

[Event "Speed Chess Invitational"]
[Site "chess.com INT"]
[Date "2020.10.25"]
[Round "4.6"]
[White "Karjakin, Sergey"]
[Black "Duda, Jan-Krzysztof"]
[Result "1-0"]
[WhiteTitle "GM"]
[BlackTitle "GM"]
[WhiteElo "2752"]
[BlackElo "2757"]
[WhiteFideId "14109603"]
[BlackFideId "1170546"]
[EventDate "2020.10.25"]

1. e4 e5 2. Nf3 Nf6 3. Nc3 Nc6 4. d4 exd4 5. Nxd4 Bb4 6. Nxc6 bxc6 7. Bd3 O-O 8.
O-O d5 9. Bd2 Bxc3 10. Bxc3 Nxe4 11. Bxe4 dxe4 12. Qh5 Qd5 13. Qh4 f6 14. Qf4
Qf5 15. Qxc7 Qg6 16. Kh1 Bf5 17. Qxc6 e3 18. fxe3 Bxc2 19. Rf3 Be4 20. Qe6+ Kh8
21. Rg3 Rae8 22. Rxg6 Rxe6 23. Rg4 Rd8 24. Re1 h6 25. Rf4 Kh7 26. Kg1 f5 27. Rf2
Rd3 28. a3 Red6 29. Rfe2 g5 30. Kf2 Kg6 31. Rc1 Rc6 32. Ree1 a6 33. Ba5 Rxc1 34.
Rxc1 Rd6 35. Bc3 Kf7 36. Bd4 Rc6 37. Bc5 Ke6 38. b4 Rc7 39. g3 h5 40. Ke2 g4 41.
Kd2 h4 42. gxh4 Rh7 43. Bb6 Rxh4 44. Bc7 Rh7 45. Rc3 Rd7+ 46. Kc1 Bf3 47. Bf4
Rd1+ 48. Kc2 Rg1 49. Kb3 Rb1+ 50. Ka4 Ra1 51. Ka5 Be2 52. Kb6 Ra2 53. Ka5 Kd5
54. Kb6 Ke6 55. Rc6+ Kd5 56. Rc5+ Ke6 57. Ra5 Bb5 58. a4 1-0

[Event "Speed Chess Invitational"]
[Site "chess.com INT"]
[Date "2020.10.25"]
[Round "4.7"]
[White "Duda, Jan-Krzysztof"]
[Black "Karjakin, Sergey"]
[Result "1-0"]
[WhiteTitle "GM"]
[BlackTitle "GM"]
[WhiteElo "2757"]
[BlackElo "2752"]
[WhiteFideId "1170546"]
[BlackFideId "14109603"]
[EventDate "2020.10.25"]

1. Nf3 d5 2. c4 e6 3. e3 Nf6 4. Nc3 Be7 5. b3 O-O 6. Bb2 b6 7. Rg1 c5 8. g4 Nc6
9. g5 Ne4 10. Nxe4 dxe4 11. Ne5 Nxe5 12. Bxe5 Bxg5 13. Qg4 Bf6 14. Qxg7+ Bxg7
15. Rxg7+ Kh8 16. Rxf7+ Kg8 17. Rg7+ Kh8 18. Rxa7+ Kg8 19. Rg7+ Kh8 20. Rg6+ 1-0

[Event "Speed Chess Invitational"]
[Site "chess.com INT"]
[Date "2020.10.25"]
[Round "4.8"]
[White "Karjakin, Sergey"]
[Black "Duda, Jan-Krzysztof"]
[Result "1/2-1/2"]
[WhiteTitle "GM"]
[BlackTitle "GM"]
[WhiteElo "2752"]
[BlackElo "2757"]
[WhiteFideId "14109603"]
[BlackFideId "1170546"]
[EventDate "2020.10.25"]

1. e4 c5 2. Nf3 d6 3. d4 cxd4 4. Nxd4 Nf6 5. Nc3 a6 6. Bg5 e6 7. f4 Qb6 8. Qd2
Qxb2 9. Rb1 Qa3 10. f5 Nc6 11. fxe6 fxe6 12. Nxc6 bxc6 13. Be2 Be7 14. e5 dxe5
15. Bxf6 Bxf6 16. Bh5+ g6 17. Ne4 O-O 18. O-O Qe7 19. Bf3 Qa7+ 20. Kh1 Be7 21.
Qc3 Rb8 22. h3 Rxb1 23. Rxb1 Qc7 24. Qe3 c5 25. Qb3 Rd8 26. Kh2 Kg7 27. a4 Rd4
28. c3 Rd8 29. Qb6 Qxb6 30. Rxb6 Rd7 31. Rxe6 Rc7 32. Rb6 c4 33. Kg3 Ba3 34. Rb8
Bf5 35. Kf2 Bd7 36. Ra8 Bb2 37. Rxa6 Bf5 38. Ke2 Bxe4 39. Bxe4 Bxc3 40. a5 Bd4
41. Rc6 Rxc6 42. Bxc6 Kf6 43. Bd5 c3 44. Kd3 h6 45. a6 Ke7 46. a7 Bxa7 47. Kxc3
Kf6 48. Be4 Kg5 49. Kd3 1/2-1/2

[Event "Speed Chess Invitational"]
[Site "chess.com INT"]
[Date "2020.10.25"]
[Round "4.9"]
[White "Duda, Jan-Krzysztof"]
[Black "Karjakin, Sergey"]
[Result "1-0"]
[WhiteTitle "GM"]
[BlackTitle "GM"]
[WhiteElo "2757"]
[BlackElo "2752"]
[WhiteFideId "1170546"]
[BlackFideId "14109603"]
[EventDate "2020.10.25"]

1. Nf3 d5 2. c4 Nf6 3. cxd5 Nxd5 4. e4 Nb6 5. d4 g6 6. Nc3 Bg7 7. Be3 O-O 8. Qd2
Bg4 9. O-O-O Nc6 10. Be2 Bxf3 11. gxf3 e6 12. h4 Qe7 13. h5 Rfd8 14. hxg6 hxg6
15. d5 exd5 16. exd5 Nb4 17. Bg5 Qc5 18. Bxd8 Rxd8 19. Kb1 N6xd5 20. Ne4 Qa5 21.
Bc4 Nc3+ 22. bxc3 Rxd2 23. Rxd2 Nc6 24. Rd7 Ne5 25. Rd8+ Bf8 26. Bb3 Kg7 27. Rd5
Qa6 28. Rxe5 Qd3+ 29. Bc2 Qxf3 30. Rd1 Ba3 31. Red5 c6 32. Rd7 b5 33. Ng5 Qxc3
34. Rxf7+ Kh6 35. Rh1+ Kxg5 36. Rg1+ Kh6 37. Rxg6+ 1-0

[Event "Speed Chess Invitational"]
[Site "chess.com INT"]
[Date "2020.10.25"]
[Round "4.10"]
[White "Karjakin, Sergey"]
[Black "Duda, Jan-Krzysztof"]
[Result "0-1"]
[WhiteTitle "GM"]
[BlackTitle "GM"]
[WhiteElo "2752"]
[BlackElo "2757"]
[WhiteFideId "14109603"]
[BlackFideId "1170546"]
[EventDate "2020.10.25"]

1. e4 c5 2. Nf3 d6 3. d4 cxd4 4. Nxd4 Nf6 5. Nc3 a6 6. Bd3 g6 7. Be3 Nc6 8. f3
Nxd4 9. Bxd4 Bh6 10. Qe2 O-O 11. O-O e5 12. Bf2 Be6 13. Bc4 Qc7 14. Bb3 Rac8 15.
Rad1 Bg5 16. Rd3 Rfd8 17. Rfd1 b5 18. h4 Bf4 19. g3 Bh6 20. Be3 Bxe3+ 21. Qxe3
b4 22. Ne2 Bxb3 23. cxb3 Rd7 24. g4 d5 25. exd5 Rcd8 26. d6 Rxd6 27. Qxe5 Qb6+
28. Rd4 Re6 29. Qh2 Rxe2 0-1

[Event "Speed Chess Invitational"]
[Site "chess.com INT"]
[Date "2020.10.25"]
[Round "4.11"]
[White "Duda, Jan-Krzysztof"]
[Black "Karjakin, Sergey"]
[Result "1-0"]
[WhiteTitle "GM"]
[BlackTitle "GM"]
[WhiteElo "2757"]
[BlackElo "2752"]
[WhiteFideId "1170546"]
[BlackFideId "14109603"]
[EventDate "2020.10.25"]

1. Nf3 d5 2. c4 e6 3. e3 Nf6 4. Nc3 Be7 5. b3 O-O 6. Bb2 c5 7. cxd5 Nxd5 8. h4
b6 9. Qb1 Nf6 10. Ng5 Nbd7 11. Bd3 h6 12. Bh7+ Kh8 13. Ne2 e5 14. Be4 Rb8 15.
Bd5 Qe8 16. Ng3 Bb7 17. Bxb7 Rxb7 18. Qf5 Kg8 19. Qf3 Qa8 20. Nf5 Re8 21. Qg3
Nh5 22. Qg4 Ndf6 23. Qh3 Rbb8 24. O-O-O Ne4 25. Qf3 Nhf6 26. Bxe5 hxg5 27. hxg5
Nxg5 28. Qg3 Qe4 29. Qh2 Nfh7 30. Nxe7+ Rxe7 31. Bxb8 c4 32. Kb2 cxb3 33. axb3
Rd7 34. d4 Qf5 35. Rd2 Ne4 36. Rc2 Rd8 37. f3 Nef6 38. e4 Qd7 39. Be5 1-0

[Event "Speed Chess Invitational"]
[Site "chess.com INT"]
[Date "2020.10.25"]
[Round "4.12"]
[White "Karjakin, Sergey"]
[Black "Duda, Jan-Krzysztof"]
[Result "0-1"]
[WhiteTitle "GM"]
[BlackTitle "GM"]
[WhiteElo "2752"]
[BlackElo "2757"]
[WhiteFideId "14109603"]
[BlackFideId "1170546"]
[EventDate "2020.10.25"]

1. e4 c5 2. Nf3 d6 3. d4 cxd4 4. Nxd4 Nf6 5. Nc3 a6 6. Be3 Ng4 7. Bg5 h6 8. Bh4
g5 9. Bg3 Bg7 10. Qd2 Nc6 11. Nb3 Nge5 12. f3 b5 13. Bf2 Rb8 14. Nd4 b4 15. Nd5
e6 16. Nxc6 Nxc6 17. O-O-O exd5 18. Qxd5 Ne7 19. Qxd6 Qxd6 20. Rxd6 O-O 21. Bc4
a5 22. Rhd1 a4 23. Bc5 Rb7 24. b3 axb3 25. Bxb3 Be5 26. Rxh6 Kg7 27. Ra6 Rh8 28.
h3 Ng6 29. Bd4 Bxd4 30. Rxd4 Nf4 31. Rd2 Be6 32. Ra5 Bxb3 33. axb3 Ne6 34. Kb2
Rc8 35. g3 Rc3 36. Rf2 Rbc7 37. Rd5 Re3 38. h4 gxh4 39. gxh4 Rcc3 40. f4 Rxe4
41. f5 Nf4 42. Rd6 Rg3 43. Rh2 Rg4 44. h5 Re5 45. h6+ Kh7 46. Rf6 Re7 47. Rd6
Ng2 0-1

[Event "Speed Chess Invitational"]
[Site "chess.com INT"]
[Date "2020.10.25"]
[Round "4.13"]
[White "Duda, Jan-Krzysztof"]
[Black "Karjakin, Sergey"]
[Result "1-0"]
[WhiteTitle "GM"]
[BlackTitle "GM"]
[WhiteElo "2757"]
[BlackElo "2752"]
[WhiteFideId "1170546"]
[BlackFideId "14109603"]
[EventDate "2020.10.25"]

1. Nf3 d5 2. c4 d4 3. b4 Bg4 4. Qb3 c6 5. g3 Nf6 6. Bg2 Bxf3 7. Qxf3 e5 8. b5
Bc5 9. O-O O-O 10. d3 h6 11. Nd2 Qe7 12. a4 a5 13. h4 Bb4 14. g4 Nfd7 15. Qh3
Nc5 16. Ra2 Nbd7 17. bxc6 bxc6 18. Bxc6 Ra6 19. Bg2 Nb6 20. g5 Nbxa4 21. Nb1 h5
22. Bf3 g6 23. Kg2 Rb6 24. Bd5 Nc3 25. Nxc3 Bxc3 26. Ba3 Bb4 27. Bc1 Kg7 28. f4
exf4 29. Bxf4 f5 30. Qf3 Bc3 31. Rc1 Kh7 32. Rcc2 1-0

[Event "Speed Chess Invitational"]
[Site "chess.com INT"]
[Date "2020.10.25"]
[Round "4.14"]
[White "Karjakin, Sergey"]
[Black "Duda, Jan-Krzysztof"]
[Result "0-1"]
[WhiteTitle "GM"]
[BlackTitle "GM"]
[WhiteElo "2752"]
[BlackElo "2757"]
[WhiteFideId "14109603"]
[BlackFideId "1170546"]
[EventDate "2020.10.25"]

1. b3 Nf6 2. Bb2 e6 3. e3 b6 4. Nf3 Bb7 5. c4 c5 6. Nc3 Nc6 7. Be2 Be7 8. O-O
O-O 9. d4 cxd4 10. Nxd4 d5 11. cxd5 Nxd4 12. Qxd4 Bxd5 13. Nxd5 Qxd5 14. Bf3
Qxd4 15. Bxd4 Rac8 16. Rfd1 Rfd8 17. Rac1 Ba3 18. Rxc8 Rxc8 19. Kf1 Kf8 20. Ke2
Ne8 21. Be4 g6 22. Bd3 h5 23. e4 Bc5 24. Bb2 Ke7 25. f4 Nd6 26. a3 a5 27. Rc1
Rd8 28. g3 Rd7 29. h3 Rd8 30. g4 hxg4 31. hxg4 Ne8 32. Rc4 Nd6 33. Rc2 Ne8 34.
g5 Bd4 35. Bc1 Nd6 36. b4 axb4 37. axb4 Rc8 38. Rxc8 Nxc8 39. Ba6 Nd6 40. Kd3
Bf2 41. Bb2 Ne8 42. Be5 Be1 43. b5 Bf2 44. Bb7 Bc5 45. Bc6 Nd6 46. Bf6+ Kf8 47.
Bd8 Ne8 48. Ke2 Nd6 49. Kf3 Nc4 50. Bc7 Bd6 51. Bd8 Be7 52. Bxe7+ Kxe7 53. e5
Nd2+ 54. Ke3 Nb3 0-1